000
00317nam a22001457a 4500
999
_c
54922
_d
54922
008
190925b ||||| |||| 00| 0 eng d
020
_a
9780135153871
041
_a
eng
080
_a
61
082
_a
61
100
_a
3
101
_a
SHM
245
_a
Professionalism in Health Care
_c
Makely,Sh
942
_2
udc
_c
BK